• 首页
  • 本馆介绍
  • 公告通知
  • 最新文献
  • 馆藏检索
  • 电子资源
  • 读者导购
  • 参考咨询
  • 我的图书馆
  • 登录
  • 详细信息显示
  • 放入我的书架
  • 预约/预借图书
  • 作者相关作品
  • 分类相关作品
  • 丛书相关作品
  • 出版社相关作品

书目信息

  • 表格格式
  • 工作单格式
  • 卡片格式
题名:
从容的告别
    
 
作者: 希尔曼 著 ;苑东明 译
分册:  
出版信息: 北京   中国人民大学出版社  2024
页数: 187页
开本: 24cm
丛书名:
单 册:
中图分类: R48
科图分类:
主题词: 临终关怀学
电子资源:
ISBN: 978-7-300-26944-3
000 01657nam0 2200289 450
001 012024000148
005 20240924225024.0
010    @a978-7-300-26944-3@b精装@dCNY75.00
100    @a20240924d2024 em y0chiy50 ea
101 0  @achi
102    @aCN@b110000
105    @ay z 000yy
106    @ar
200 1  @a从容的告别@Acong rong de gao bie@e如何面对终将到来的衰老与死亡@dA good life to the end@etaking control of our inevitable journey through ageing and death@f(澳)肯·希尔曼(Ken Hillman)著@g苑东明译@zeng
210    @a北京@c中国人民大学出版社@d2024
215    @a187页@d24cm
305    @a本书中文简体字版由Allen & Unwin Pty Ltd通过Bardon-Chinese Media Agency授权中国人民大学出版社在中国大陆出版发行
314    @a肯·希尔曼 (Ken Hillman),国际重症监护领域首席专家,澳大利亚新南威尔士大学重症监护专业教授,辛普森伊朗服务研究中心主任,著有《生死思考》等书。
330    @a本书作者通过大量鲜活的案例指出,很多加护病房不理会孱弱的将死之人的意愿,一味施以不必要的手术来延长患者的性命,从而导致很多老人在临终前都无法待在自己家里,身边围绕着所爱之人安然地死去。他们实际上不愿待在加护病房里忍受痛苦的折磨。而且这样也造成了大量医疗资源被无效浪费。本书的观点值得我们在临终关怀上进行反思。
510 1  @aGood life to the end@etaking control of our inevitable journey through ageing and death@zeng
517 1  @a如何面对终将到来的衰老与死亡@Aru he mian dui zhong jiang dao lai de shuai lao yu si wang
606 0  @a临终关怀学
690    @aR48@v5
701  0 @c(澳)@a希尔曼@Axi er man@c(Hillman, Ken)@4著
702  0 @a苑东明@Ayuan dong ming@4译
801  0 @aCN@bAHXH@c20240924
905    @b214135764@b214135773@b214135782@b214135791@b214135808@dR48@e182@f5
    
    从容的告别:如何面对终将到来的衰老与死亡=A good life to the end:taking control of our inevitable journey through ageing and death/(澳)肯·希尔曼(Ken Hillman)著/苑东明译.-北京:中国人民大学出版社,2024
    187页;24cm
    
    
    ISBN 978-7-300-26944-3(精装):CNY75.00
    本书作者通过大量鲜活的案例指出,很多加护病房不理会孱弱的将死之人的意愿,一味施以不必要的手术来延长患者的性命,从而导致很多老人在临终前都无法待在自己家里,身边围绕着所爱之人安然地死去。他们实际上不愿待在加护病房里忍受痛苦的折磨。而且这样也造成了大量医疗资源被无效浪费。本书的观点值得我们在临终关怀上进行反思。
●
相关链接 在E读中查询图书 在五车中查询图书 在当当中查询图书 在豆瓣中查询图书


正题名:从容的告别     索取号:R48/182         预约/预借

序号 登录号 条形码 馆藏地/架位号 状态 备注
1 1413576   214135764   第二样本阅览室/ [索取号:R48/182] 在馆    
2 1413577   214135773   第三借阅区/ [索取号:R48/182] 在馆    
3 1413578   214135782   第三借阅区/ [索取号:R48/182] 在馆    
4 1413579   214135791   第三借阅区/ [索取号:R48/182] 在馆    
5 1413580   214135808   第三借阅区/ [索取号:R48/182] 在馆    
唐山师范学院图书馆 欢迎您!
大连网信软件有限公司© 版权所有